000 00225nam a2200121Ia 4500
100 _a#N/A
650 _a1
942 _cBK
245 _aIntroductory operations Research
260 _b#N/A
546 _aENGLISH
999 _c33194
_d33194